| 000 | 00000nam##2200000za#4500 |
| 001 | 9.680365 |
| 003 | CaOODSP |
| 005 | 20200401053426 |
| 007 | ta |
| 008 | 150407|1998||||xxc||||| f|0| 0 fre|d |
| 020 | |a0-662-82722-8 |
| 040 | |aCaOODSP|bfre |
| 043 | |an-cn--- |
| 086 | 1 |aH39-429/1998-1F |
| 110 | 1 |aCanada.|bSanté Canada. |bDirection générale des services et de la promotion de la santé. |
| 245 | 10|aGuide canadien d'activité physique pour une vie active saine |
| 260 | |aOttawa - Ontario : |bSanté Canada. |c1998. |
| 300 | |a1p. ; |c27 cm. |
| 520 | 3 |aL'information contenue dans cette publication à propos des lignes directrices en matière d'activité physique, n'est plus à jour. La Société canadienne de physiologie de l’exercice a diffusé le 24 janvier 2011 des nouvelles lignes directrices. Pour en savoir davantage sur les nouvelles lignes directices en matière d'activité physique et pour des conseils pour vous aider à intégrer l'activité physique dans un mode de vie sain, consultez le site Web de l'Agence de la santé publique du Canada (ASPC). |
| 563 | |aFeuilles mobiles |
| 590 | |a98-45|b1998-11-06 |
| 691 | 07|aCondition physique|2gcpds |
| 775 | 08|tCanada's physical activity guide to healthy active living |w(CaOODSP)9.646864 |
| 776 | 0#|tGuide canadien d'activité physique pour une vie active saine |w(CaOODSP)9.638560 |